[Event "Moscow RUS"]
[Site "?"]
[Date "2005.02.20"]
[Round "6"]
[White "Anastasian Ashot"]
[Black "Zvjaginsev Vadim"]
[Result "1/2-1/2"]
[WhiteElo "2568"]
[BlackElo "2653"]
[PlyCount "60"]
[EventDate "2005.??.??"]
[Source "www.chesslib.no"]
[SourceDate "2004.05.04"]

1. Nf3 c5 2. c4 Nc6 3. Nc3 Nf6 4. g3 d5 5. d4 e6 6. cxd5 Nxd5 7. Bg2 Be7 8. O-O O-O 9. Nxd5 exd5 10. dxc5 Bxc5 11. Bg5 f6 12. Rc1 Bb6 13. Bd2 d4 14. e3 Be6 15. Nxd4 Nxd4 16. exd4 Qxd4 17. a4 Rad8 18. Bc3 Qxd1 19. Rfxd1 Rxd1+ 20. Rxd1 Bb3 21. Bd5+ Bxd5 22. Rxd5 Rd8 23. Rb5 Rd7 24. h4 Kf7 25. Kg2 Bd8 26. g4 a6 27. Rb3 f5 28. Kg3 fxg4 29. Kxg4 g6 30. h5 Rd5 1/2-1/2

[Event "Bundesliga 9798"]
[Site "Germany"]
[Date "1998.??.??"]
[Round "?.2"]
[White "Lerner, Konstantin Z"]
[Black "Van Wely, Loek"]
[Result "1/2-1/2"]
[WhiteElo "2560"]
[BlackElo "2655"]
[PlyCount "99"]
[EventDate "1997.10.??"]
[Source "ChessBase"]
[SourceDate "1999.07.01"]

1. Nf3 d5 2. d4 Nf6 3. c4 e6 4. Nc3 c5 5. cxd5 Nxd5 6. e3 Nc6 7. Bc4 cxd4 8. exd4 Nxc3 9. bxc3 Be7 10. O-O O-O 11. Re1 b6 12. Bd3 Bb7 13. Qc2 g6 14. Bh6 Re8 15. Qd2 Bf8 16. h4 Bxh6 17. Qxh6 Qf6 18. Be4 Rac8 19. h5 Re7 20. Re3 Na5 21. hxg6 hxg6 22. Bxb7 Rxb7 23. Nh2 Nc4 24. Rh3 Qg7 25. Qh4 Nd6 26. Ng4 g5 27. Qg3 Nf5 28. Qd3 Rbc7 29. Qd2 Nh4 30. f4 f6 31. Nxf6+ Qxf6 32. fxg5 Qf5 33. Rxh4 Rxc3 34. Re1 Rc2 35. Qe3 R8c3 36. Qxe6+ Qxe6 37. Rxe6 Rg3 38. Rg6+ Kf7 39. Rf6+ Kg7 40. Rf2 Rxf2 41. Kxf2 Ra3 42. d5 Rd3 43. Rc4 Rxd5 44. Rc7+ Kg6 45. Rxa7 Rd2+ 46. Ke3 Rxg2 47. Kd4 Rxg5 48. Ra6 Kf7 49. Rxb6 Ra5 50. Rb2 1/2-1/2

[Event "USA Open"]
[Site "Fort Worth, TX USA"]
[Date "1984.??.??"]
[Round "9"]
[White "Quinteros, Miguel A"]
[Black "Dzindzichashvili, Roman"]
[Result "1/2-1/2"]
[WhiteElo "2610"]
[BlackElo "2604"]
[PlyCount "71"]
[EventDate "1984.??.??"]
[Source "www.chesslib.no"]
[SourceDate "2004.05.04"]

1. c4 c5 2. Nf3 Nf6 3. Nc3 e6 4. g3 d5 5. cxd5 Nxd5 6. Bg2 Nc6 7. O-O Be7 8. d4 O-O 9. Nxd5 exd5 10. dxc5 Bxc5 11. Qc2 Bb6 12. Rd1 Be6 13. Bd2 Qf6 14. Bg5 Qg6 15. Qa4 d4 16. Bf4 Qh5 17. Rac1 Rad8 18. b4 d3 19. Rxd3 Rxd3 20. exd3 Bg4 21. b5 Bxf3 22. bxc6 bxc6 23. Bxf3 Qxf3 24. Qxc6 Qxf2+ 25. Kh1 Be3 26. Bxe3 Qxe3 27. Qc2 h5 28. Rf1 Qe6 29. Qc4 Qxc4 30. dxc4 Rc8 31. Rc1 Kf8 32. Rc3 Rc5 33. Ra3 a5 34. Kg2 Ke7 35. Kf3 Kd6 36. Ke3 1/2-1/2

[Event "Groningen PCA"]
[Site "Groningen"]
[Date "1993.??.??"]
[Round "7"]
[White "Akopian, Vladimir"]
[Black "Ribli, Zoltan"]
[Result "1/2-1/2"]
[WhiteElo "2600"]
[BlackElo "2610"]
[PlyCount "36"]
[EventDate "1993.12.??"]
[Source "ChessBase"]

1. d4 Nf6 2. c4 e6 3. Nf3 d5 4. Nc3 c5 5. cxd5 Nxd5 6. e4 Nxc3 7. bxc3 cxd4 8. cxd4 Bb4+ 9. Bd2 Bxd2+ 10. Qxd2 O-O 11. Bc4 Nc6 12. O-O b6 13. Rad1 Bb7 14. Qf4 Qf6 15. Qg3 Rac8 16. d5 Nb4 17. Rd4 exd5 18. exd5 Nc2 1/2-1/2